<?xml version="1.0" encoding="UTF-8"?>
<record
    xmlns:xsi="http://www.w3.org/2001/XMLSchema-instance"
    xsi:schemaLocation="http://www.loc.gov/MARC21/slim http://www.loc.gov/standards/marcxml/schema/MARC21slim.xsd"
    xmlns="http://www.loc.gov/MARC21/slim">

  <leader>00351nam a22001577a 4500</leader>
  <controlfield tag="003">OSt</controlfield>
  <controlfield tag="008">231127b        |||||||| |||| 00| 0 eng d</controlfield>
  <datafield tag="020" ind1=" " ind2=" ">
    <subfield code="a">9789355010537</subfield>
  </datafield>
  <datafield tag="082" ind1=" " ind2=" ">
    <subfield code="a">660.6 DUT</subfield>
  </datafield>
  <datafield tag="100" ind1=" " ind2=" ">
    <subfield code="a">DUBEY,R.C</subfield>
  </datafield>
  <datafield tag="245" ind1=" " ind2=" ">
    <subfield code="a">TEXTBOOK OF BIOTECHNOLOGY</subfield>
  </datafield>
  <datafield tag="250" ind1=" " ind2=" ">
    <subfield code="a">5th</subfield>
  </datafield>
  <datafield tag="260" ind1=" " ind2=" ">
    <subfield code="a">NEW DELHI</subfield>
    <subfield code="b">S.CHAND</subfield>
  </datafield>
  <datafield tag="300" ind1=" " ind2=" ">
    <subfield code="a">xiv,602</subfield>
  </datafield>
  <datafield tag="942" ind1=" " ind2=" ">
    <subfield code="2">ddc</subfield>
    <subfield code="c">BK</subfield>
  </datafield>
  <datafield tag="999" ind1=" " ind2=" ">
    <subfield code="c">12126</subfield>
    <subfield code="d">12126</subfield>
  </datafield>
  <datafield tag="952" ind1=" " ind2=" ">
    <subfield code="0">0</subfield>
    <subfield code="1">0</subfield>
    <subfield code="2">ddc</subfield>
    <subfield code="4">0</subfield>
    <subfield code="7">0</subfield>
    <subfield code="8">BP</subfield>
    <subfield code="a">PIET</subfield>
    <subfield code="b">PIET</subfield>
    <subfield code="d">2023-11-25</subfield>
    <subfield code="e">KIRTI PRAKASHAN</subfield>
    <subfield code="f">RUPEE</subfield>
    <subfield code="g">595.00</subfield>
    <subfield code="k">IN-1263</subfield>
    <subfield code="l">1</subfield>
    <subfield code="p">BP2345</subfield>
    <subfield code="r">2025-12-10 00:00:00</subfield>
    <subfield code="s">2025-11-27</subfield>
    <subfield code="v">428.40</subfield>
    <subfield code="w">2023-11-23</subfield>
    <subfield code="y">BK</subfield>
  </datafield>
  <datafield tag="952" ind1=" " ind2=" ">
    <subfield code="0">0</subfield>
    <subfield code="1">0</subfield>
    <subfield code="2">ddc</subfield>
    <subfield code="4">0</subfield>
    <subfield code="7">0</subfield>
    <subfield code="8">BP</subfield>
    <subfield code="a">PIET</subfield>
    <subfield code="b">PIET</subfield>
    <subfield code="d">2023-11-25</subfield>
    <subfield code="e">KIRTI PRAKASHAN</subfield>
    <subfield code="f">RUPEE</subfield>
    <subfield code="g">595.00</subfield>
    <subfield code="k">IN-1263</subfield>
    <subfield code="l">0</subfield>
    <subfield code="p">BP2346</subfield>
    <subfield code="r">2023-11-27 00:00:00</subfield>
    <subfield code="v">428.40</subfield>
    <subfield code="w">2023-11-23</subfield>
    <subfield code="y">BK</subfield>
  </datafield>
  <datafield tag="952" ind1=" " ind2=" ">
    <subfield code="0">0</subfield>
    <subfield code="1">0</subfield>
    <subfield code="2">ddc</subfield>
    <subfield code="4">0</subfield>
    <subfield code="7">0</subfield>
    <subfield code="8">BP</subfield>
    <subfield code="a">PIET</subfield>
    <subfield code="b">PIET</subfield>
    <subfield code="d">2023-11-25</subfield>
    <subfield code="e">KIRTI PRAKASHAN</subfield>
    <subfield code="f">RUPEE</subfield>
    <subfield code="g">595.00</subfield>
    <subfield code="k">IN-1263</subfield>
    <subfield code="l">0</subfield>
    <subfield code="p">BP2347</subfield>
    <subfield code="r">2023-11-27 00:00:00</subfield>
    <subfield code="v">428.40</subfield>
    <subfield code="w">2023-11-23</subfield>
    <subfield code="y">BK</subfield>
  </datafield>
  <datafield tag="952" ind1=" " ind2=" ">
    <subfield code="0">0</subfield>
    <subfield code="1">0</subfield>
    <subfield code="2">ddc</subfield>
    <subfield code="4">0</subfield>
    <subfield code="7">0</subfield>
    <subfield code="8">BP</subfield>
    <subfield code="a">PIET</subfield>
    <subfield code="b">PIET</subfield>
    <subfield code="d">2023-11-25</subfield>
    <subfield code="e">KIRTI PRAKASHAN</subfield>
    <subfield code="f">RUPEE</subfield>
    <subfield code="g">595.00</subfield>
    <subfield code="k">IN-1263</subfield>
    <subfield code="l">0</subfield>
    <subfield code="p">BP2348</subfield>
    <subfield code="r">2023-11-27 00:00:00</subfield>
    <subfield code="v">428.40</subfield>
    <subfield code="w">2023-11-23</subfield>
    <subfield code="y">BK</subfield>
  </datafield>
  <datafield tag="952" ind1=" " ind2=" ">
    <subfield code="0">0</subfield>
    <subfield code="1">0</subfield>
    <subfield code="2">ddc</subfield>
    <subfield code="4">0</subfield>
    <subfield code="7">0</subfield>
    <subfield code="8">BP</subfield>
    <subfield code="a">PIET</subfield>
    <subfield code="b">PIET</subfield>
    <subfield code="d">2023-11-25</subfield>
    <subfield code="e">KIRTI PRAKASHAN</subfield>
    <subfield code="f">RUPEE</subfield>
    <subfield code="g">595.00</subfield>
    <subfield code="k">IN-1263</subfield>
    <subfield code="l">0</subfield>
    <subfield code="p">BP2349</subfield>
    <subfield code="r">2023-11-27 00:00:00</subfield>
    <subfield code="v">428.40</subfield>
    <subfield code="w">2023-11-23</subfield>
    <subfield code="y">BK</subfield>
  </datafield>
</record>
